[Event "Titled Tuesday intern op 10th May Early"]
[Site "Chess.com INT"]
[Date "2022.05.10"]
[Round "3"]
[White "Le Ruyet, Leopold"]
[Black "Pinero Salas, Carlos Julio"]
[Result "1-0"]
[WhiteElo "2245"]
[BlackElo "2246"]
[PlyCount "57"]
[EventDate "2022.05.10"]
[EventType "swiss (blitz)"]
[EventRounds "11"]
[EventCountry "USA"]
[SourceTitle "CBM 208 Extra"]
[Source "ChessBase"]
[SourceDate "2022.07.31"]
[SourceVersion "1"]
[SourceVersionDate "2022.07.31"]
[SourceQuality "1"]

1. c4 c5 2. Nf3 e6 3. Nc3 Na6 4. e3 Nc7 5. d4 cxd4 6. Nxd4 Nf6 7. g3 Bb4 8. Bg2 Bxc3+ 9. bxc3 0-0 10. Ba3 Re8 11. Nb5 Nxb5 12. cxb5 Qa5 13. Qb3 d5 14. 0-0 Bd7 15. Rab1 Rac8 16. Rfc1 Rc4 17. Bd6 Rec8 18. Be5 Ng4 19. Bd4 Qa4 20. Bf1 Qxb3 21. axb3 R4c7 22. h3 Nf6 23. Be5 Rc5 24. b4 Rc4 25. Bxc4 Rxc4 26. Ra1 Bxb5 27. Rxa7 Ba6 28. Ra8+ Ne8 29. Rxe8# 1-0

[Event "Titled Tuesday intern op 03rd May Early"]
[Site "Chess.com INT"]
[Date "2022.05.03"]
[Round "2"]
[White "Bettalli, Francesco"]
[Black "Pinero Salas, Carlos Julio"]
[Result "0-1"]
[WhiteElo "2304"]
[BlackElo "2246"]
[PlyCount "130"]
[EventDate "2022.05.03"]
[EventType "swiss (blitz)"]
[EventRounds "11"]
[EventCountry "USA"]
[SourceTitle "CBM 208 Extra"]
[Source "ChessBase"]
[SourceDate "2022.07.31"]
[SourceVersion "1"]
[SourceVersionDate "2022.07.31"]
[SourceQuality "1"]

1. d4 c5 2. Nc3 cxd4 3. Qxd4 Nc6 4. Qh4 a6 5. Nf3 e6 6. Qxd8+ Nxd8 7. e4 Bb4 8. Bf4 Bxc3+ 9. bxc3 Nf6 10. Bd3 0-0 11. Bd6 Re8 12. e5 Nd5 13. c4 Nf4 14. 0-0 Nxd3 15. cxd3 b5 16. c5 Bb7 17. a4 Bxf3 18. gxf3 b4 19. a5 Nc6 20. Rfb1 f6 21. f4 fxe5 22. fxe5 Ra7 23. Rb3 Rb7 24. Rab1 Rb5 25. Ra1 Ra8 26. Kg2 Ra7 27. Ra4 Rab7 28. f4 Rxa5 29. Rxa5 Nxa5 30. Rb1 b3 31. Kf3 Nc6 32. Ke3 a5 33. f5 exf5 34. d4 a4 35. d5 a3 36. e6 a2 37. Rf1 b2 38. Rxf5 h6 39. Rf8+ Kh7 40. dxc6 dxc6 41. e7 Rxe7+ 42. Bxe7 b1Q 43. Ra8 a1Q 44. Rxa1 Qxa1 45. Bd6 Qc3+ 46. Ke4 Qe1+ 47. Kf5 g6+ 48. Kf6 Qc3+ 49. Ke7 Kg7 50. Ke6 Qf6+ 51. Kd7 Qf3 52. Ke6 g5 53. Be5+ Kg6 54. Bd6 Qd5+ 55. Ke7 h5 56. Kd7 g4 57. Ke7 h4 58. Ke8 Qe4+ 59. Kd7 Qd5 60. Ke7 Kf5 61. Kf8 Ke4 62. Ke7 Kf3 63. Kf6 g3 64. hxg3 hxg3 65. Bxg3 Kxg3 0-1

[Event "Titled Tuesday intern op 03rd May Early"]
[Site "Chess.com INT"]
[Date "2022.05.03"]
[Round "7"]
[White "Pinero Salas, Carlos Julio"]
[Black "Sanchez, Roberto Daniel"]
[Result "0-1"]
[WhiteElo "2246"]
[BlackElo "1989"]
[PlyCount "80"]
[EventDate "2022.05.03"]
[EventType "swiss (blitz)"]
[EventRounds "11"]
[EventCountry "USA"]
[SourceTitle "CBM 208 Extra"]
[Source "ChessBase"]
[SourceDate "2022.07.31"]
[SourceVersion "1"]
[SourceVersionDate "2022.07.31"]
[SourceQuality "1"]

1. b3 d6 2. Bb2 e5 3. e3 Nf6 4. c4 Nc6 5. a3 Be7 6. Qc2 0-0 7. Nc3 d5 8. cxd5 Nxd5 9. Bc4 Nb6 10. Nf3 Nxc4 11. bxc4 Be6 12. Ne4 f5 13. Ng3 Bf6 14. Nh5 Qe7 15. Nxf6+ Qxf6 16. 0-0 Rae8 17. d4 e4 18. d5 Qh6 19. Nd2 f4 20. dxc6 f3 21. Qxe4 Bc8 22. Qd5+ Be6 23. Qe4 Bc8 24. cxb7 Rxe4 25. b8Q fxg2 26. Nxe4 gxf1Q+ 27. Rxf1 Bh3 28. Qxc7 Bxf1 29. Kxf1 Qg6 30. Qb7 Re8 31. Ng3 h5 32. h4 Rf8 33. Ke2 Qc2+ 34. Ke1 Qxf2+ 35. Kd1 Qg1+ 36. Kc2 Qxg3 37. Kb3 Qxe3+ 38. Ka2 Rf7 39. Qc8+ Kh7 40. Qc6 Qf3 0-1

[Event "Caracas Metro"]
[Site "Fuerte Tiuna"]
[Date "2014.02.14"]
[Round "5"]
[White "Pinero Salas, Carlos Julio"]
[Black "Brizuela Abreu, Ronald Jesus"]
[Result "1-0"]
[WhiteElo "2138"]
[BlackElo "2251"]
[PlyCount "101"]
[EventDate "2014.02.12"]
[EventType "tourn"]
[EventRounds "9"]
[EventCountry "VEN"]
[SourceTitle "CBM 158 Extra"]
[Source "ChessBase"]
[SourceDate "2014.02.28"]
[SourceVersion "1"]
[SourceVersionDate "2014.02.28"]
[SourceQuality "1"]

1. d4 Nf6 2. c4 e5 3. dxe5 Ng4 4. e4 Nxe5 5. f4 Nec6 6. Be3 Bb4+ 7. Nc3 Qe7 8. Bd3 Bxc3+ 9. bxc3 d6 10. Nf3 Nd7 11. 0-0 Nc5 12. Bxc5 dxc5 13. h3 Bd7 14. Qe2 0-0-0 15. Rae1 Kb8 16. e5 Na5 17. f5 Bc6 18. Be4 f6 19. e6 Bxe4 20. Qxe4 Rd6 21. Rb1 Rhd8 22. Rb5 b6 23. Qh4 g6 24. Ne5 g5 25. Qe4 fxe5 26. Qxe5 Nxc4 27. Qe2 Na5 28. Rxa5 bxa5 29. Qe5 Rb6 30. Re1 Qd6 31. f6 Qxe5 32. Rxe5 Kc8 33. f7 Rxe6 34. Rxe6 Kd7 35. Rh6 Ke7 36. Rxh7 Rd3 37. Rg7 Rxc3 38. Rxg5 Kxf7 39. h4 Rc4 40. h5 Kf6 41. Rg6+ Kf5 42. g4+ Kf4 43. Kg2 Rc2+ 44. Kh3 Rc1 45. Rf6+ Kg5 46. Rf5+ Kh6 47. Kg3 Rc3+ 48. Kh4 Rc4 49. Rf6+ Kg7 50. Rc6 Rc2 51. Kg5 1-0

[Event "Caracas Metro"]
[Site "Fuerte Tiuna"]
[Date "2014.02.12"]
[Round "1"]
[White "Pinero Salas, Carlos Julio"]
[Black "Vidal Melendez, Ismael David"]
[Result "0-1"]
[WhiteElo "2138"]
[BlackElo "2250"]
[PlyCount "70"]
[EventDate "2014.02.12"]
[EventType "tourn"]
[EventRounds "9"]
[EventCountry "VEN"]
[SourceTitle "CBM 158 Extra"]
[Source "ChessBase"]
[SourceDate "2014.02.28"]
[SourceVersion "1"]
[SourceVersionDate "2014.02.28"]
[SourceQuality "1"]

1. e4 c6 2. d4 d5 3. exd5 cxd5 4. Bd3 Nc6 5. c3 Nf6 6. h3 e6 7. f4 Ne4 8. Nf3 Ng3 9. Rg1 f5 10. Be3 Bd6 11. Nbd2 0-0 12. Ne5 Ne4 13. Ndf3 Nxe5 14. fxe5 Be7 15. Qe2 Bd7 16. g3 Be8 17. Rg2 Bh5 18. g4 fxg4 19. hxg4 Bg6 20. Kd1 Qa5 21. Nd2 Nxc3+ 22. bxc3 Qxc3 23. Bxg6 Qxa1+ 24. Bb1 g6 25. Qb5 Qc3 26. Ke2 Rf7 27. Qxb7 Qxe3+ 28. Kxe3 Bg5+ 29. Kd3 Rxb7 30. Nb3 Rf8 31. Ke2 a5 32. Bc2 a4 33. Nc5 Rb2 34. Kd1 Rf1+ 35. Ke2 Rh1 0-1

[Event "Barquisimeto Divina Pastora"]
[Site "Barquisimeto"]
[Date "2013.01.12"]
[Round "8"]
[White "Pinero Salas, Carlos Julio"]
[Black "Leyva Proenza, Ricardo"]
[Result "0-1"]
[WhiteElo "2168"]
[BlackElo "2379"]
[PlyCount "60"]
[EventDate "2013.01.09"]
[EventType "tourn"]
[EventRounds "9"]
[EventCountry "VEN"]
[EventCategory "1"]
[SourceTitle "EXT 2014"]
[Source "ChessBase"]
[SourceDate "2013.11.20"]
[SourceVersion "1"]
[SourceVersionDate "2013.11.20"]
[SourceQuality "1"]

1. d4 Nf6 2. c4 d6 3. Nc3 e5 4. e4 exd4 5. Qxd4 Nc6 6. Qe3 g6 7. Bd2 Ng4 8. Qg3 Be7 9. Nh3 0-0 10. Be2 Bh4 11. Qd3 Be6 12. b3 f5 13. 0-0 Nce5 14. Qc2 fxe4 15. Qxe4 c6 16. g3 Bf5 17. Qg2 Bf6 18. Rad1 Bg7 19. Bg5 Qc7 20. Ne4 h6 21. Bf4 Rad8 22. c5 dxc5 23. Bc4+ Kh8 24. Nxc5 Qe7 25. Na4 b5 26. f3 Rxd1 27. Rxd1 bxa4 28. fxg4 Bxg4 29. Rf1 Nxc4 30. bxc4 Qc5+ 0-1

[Event "Barquisimeto Divina Pastora"]
[Site "Barquisimeto"]
[Date "2013.01.10"]
[Round "3"]
[White "Pinero Salas, Carlos Julio"]
[Black "Gascon del Nogal, Jose Rafael"]
[Result "1/2-1/2"]
[WhiteElo "2168"]
[BlackElo "2251"]
[PlyCount "78"]
[EventDate "2013.01.09"]
[EventType "tourn"]
[EventRounds "9"]
[EventCountry "VEN"]
[EventCategory "1"]
[SourceTitle "EXT 2014"]
[Source "ChessBase"]
[SourceDate "2013.11.20"]
[SourceVersion "1"]
[SourceVersionDate "2013.11.20"]
[SourceQuality "1"]

1. e4 e5 2. Nf3 Nc6 3. Bb5 f5 4. d3 fxe4 5. dxe4 Nf6 6. 0-0 Bc5 7. Nc3 0-0 8. Na4 Be7 9. Bc4+ Kh8 10. Ng5 Qe8 11. f4 d6 12. Nc3 Nd4 13. f5 b5 14. Bd3 Bb7 15. Ne2 c5 16. Nxd4 exd4 17. Ne6 c4 18. Be2 Nxe4 19. Qxd4 Bf6 20. Qe3 d5 21. c3 b4 22. Bd2 Bd8 23. Kh1 Bb6 24. Nd4 bxc3 25. bxc3 Qd7 26. Bg4 Rae8 27. Rad1 Ba6 28. Bc1 Nf6 29. Qh3 Bxd4 30. Rxd4 Nxg4 31. Qxg4 Rxf5 32. Rdf4 Rxf4 33. Qxf4 Kg8 34. Ba3 h6 35. Bc5 Bb5 36. Bd4 Ba4 37. h3 Bc2 38. Rf3 Kh7 39. Rg3 Re7 1/2-1/2

[Event "Barquisimeto Divina Pastora"]
[Site "Barquisimeto"]
[Date "2013.01.09"]
[Round "1"]
[White "Pinero Salas, Carlos Julio"]
[Black "Valderrama Espinosa, Gilberto"]
[Result "0-1"]
[WhiteElo "2168"]
[BlackElo "2234"]
[PlyCount "56"]
[EventDate "2013.01.09"]
[EventType "tourn"]
[EventRounds "9"]
[EventCountry "VEN"]
[EventCategory "1"]
[SourceTitle "EXT 2014"]
[Source "ChessBase"]
[SourceDate "2013.11.20"]
[SourceVersion "1"]
[SourceVersionDate "2013.11.20"]
[SourceQuality "1"]

1. e4 e5 2. Nf3 Nc6 3. Bb5 a6 4. Ba4 d6 5. c3 f5 6. d3 Nf6 7. Nbd2 Be7 8. b4 fxe4 9. dxe4 0-0 10. Bb3+ Kh8 11. Ng5 Qe8 12. Qe2 Nd8 13. h4 h6 14. Nh3 Be6 15. Nf1 Qc6 16. Bb2 Bxb3 17. axb3 Qxe4 18. Ne3 Ne6 19. 0-0-0 a5 20. f3 Qg6 21. Qc4 Qf7 22. Nf5 Nd7 23. g4 a4 24. bxa4 Rxa4 25. Qb5 Nb6 26. Rhf1 Ra2 27. Kb1 Rfa8 28. c4 Na4 0-1

[Event "VEN-ch"]
[Site "Caracas"]
[Date "2012.12.11"]
[Round "7"]
[White "Pinero Salas, Carlos Julio"]
[Black "Zavarce Sayago, Oscar Enrique"]
[Result "1/2-1/2"]
[WhiteElo "2168"]
[BlackElo "2179"]
[PlyCount "146"]
[EventDate "2012.12.08"]
[EventType "tourn"]
[EventRounds "9"]
[EventCountry "VEN"]
[SourceTitle "EXT 2014"]
[Source "ChessBase"]
[SourceDate "2013.11.20"]
[SourceVersion "1"]
[SourceVersionDate "2013.11.20"]
[SourceQuality "1"]

1. e4 c5 2. Ne2 a6 3. g3 Nc6 4. Bg2 e6 5. 0-0 Nf6 6. c3 d5 7. exd5 Nxd5 8. d4 cxd4 9. Nxd4 Bd7 10. Re1 Be7 11. Nb3 0-0 12. N1d2 Qc7 13. Ne4 Rfd8 14. Qe2 b5 15. Nec5 Bc8 16. a4 bxa4 17. Rxa4 Rb8 18. Rxa6 Bxc5 19. Nxc5 Qd6 20. Ne4 Bxa6 21. Qxa6 Qc7 22. Qe2 Na5 23. Ng5 Qa7 24. Qe4 Nf6 25. Qa4 Qc5 26. Be3 Qe5 27. Nf3 Qb5 28. Qxb5 Rxb5 29. b4 Nc6 30. Bf1 Rbb8 31. b5 Ne7 32. c4 Nf5 33. Bf4 Rbc8 34. b6 Nd6 35. Ne5 Nfe4 36. b7 Rc7 37. f3 Nc5 38. Nxf7 Rxf7 39. Bxd6 Nxb7 40. Be5 Rxf3 41. Bg2 Rf7 42. Bf4 Nc5 43. Be3 Rc7 44. Bh3 h6 45. Bxc5 Rxc5 46. Bxe6+ Kh7 47. Re2 Kg6 48. Kg2 Rb8 49. Bd5 Rb6 50. Kf3 Ra5 51. Ke4 Rb8 52. Kd4 Rc8 53. Rc2 Ra4 54. Ke5 Ra5 55. h4 h5 56. Rc3 Kh6 57. Kd4 Ra4 58. Rb3 Kh7 59. Be4+ Kg8 60. Rc3 Kf7 61. Ke5 Re8+ 62. Kf5 g6+ 63. Kf4 Rc8 64. Bd5+ Kf6 65. Ke4 g5 66. Kd4 gxh4 67. gxh4 Ra1 68. Rf3+ Kg6 69. Rg3+ Kf6 70. Rg5 Rd1+ 71. Kc3 Rc1+ 72. Kd3 Rd1+ 73. Ke2 Rd4 1/2-1/2

[Event "Guarenas Martinez Memorial"]
[Site "Guarenas"]
[Date "2012.10.26"]
[Round "3"]
[White "Rakhmanov, Alexander"]
[Black "Pinero Salas, Carlos Julio"]
[Result "1-0"]
[WhiteElo "2593"]
[BlackElo "2163"]
[PlyCount "55"]
[EventDate "2012.10.25"]
[EventType "swiss"]
[EventRounds "9"]
[EventCountry "VEN"]
[SourceTitle "EXT 2013"]
[Source "ChessBase"]
[SourceDate "2012.11.22"]
[SourceVersion "1"]
[SourceVersionDate "2012.11.22"]
[SourceQuality "1"]

1. c4 c5 2. g3 Nc6 3. b3 Nf6 4. Bb2 e6 5. Bg2 b6 6. Bxc6 dxc6 7. f4 Nd7 8. Nf3 f6 9. Qc2 Qc7 10. Qe4 Qd6 11. Nc3 Ba6 12. 0-0-0 0-0-0 13. d4 f5 14. Qe3 Re8 15. dxc5 Qxc5 16. Rd4 Qa5 17. Qd2 Nb8 18. Rd1 Bc5 19. Rd3 b5 20. Ne5 bxc4 21. bxc4 Rd8 22. Qc2 Rhe8 23. Qa4 Qxa4 24. Nxa4 Be7 25. Ba3 Bf6 26. Nf7 Bxc4 27. Rxd8+ Rxd8 28. Rxd8+ 1-0

[Event "Barquisimeto op"]
[Site "Barquisimeto"]
[Date "2012.05.25"]
[Round "4"]
[White "Pinero Salas, Carlos Julio"]
[Black "Martinez, Jorge Alexander"]
[Result "1-0"]
[WhiteElo "2128"]
[BlackElo "2220"]
[PlyCount "133"]
[EventDate "2012.05.23"]
[EventType "swiss"]
[EventRounds "7"]
[EventCountry "VEN"]
[SourceTitle "CBM 148 Extra"]
[Source "ChessBase"]
[SourceDate "2012.06.22"]
[SourceVersion "1"]
[SourceVersionDate "2012.06.22"]
[SourceQuality "1"]

1. e4 c5 2. Ne2 e6 3. g3 b6 4. Bg2 Bb7 5. 0-0 h5 6. h3 Qc7 7. c3 Nf6 8. d3 d6 9. Be3 Nbd7 10. Nd2 Be7 11. f4 g6 12. Qe1 d5 13. e5 Ng8 14. g4 hxg4 15. hxg4 f6 16. d4 0-0-0 17. Nf3 Ba6 18. g5 fxg5 19. fxg5 Kb8 20. Rf2 Rc8 21. Nh2 Rf8 22. Nf4 Rxf4 23. Bxf4 Bd8 24. Bxd5 Nf8 25. Be4 Qh7 26. d5 Ne7 27. d6 Nf5 28. Bh1 Bb7 29. Bxb7 Qxb7 30. Qe2 Rh3 31. Re1 Nh7 32. Qe4 Nxg5 33. Qxb7+ Kxb7 34. Rg2 Rh5 35. Bxg5 Bxg5 36. Nf3 Bh4 37. Rd1 Ne3 38. Nxh4 Nxd1 39. Rd2 Kc8 40. Nxg6 Rg5+ 41. Rg2 Rxg2+ 42. Kxg2 Nxb2 43. Kf3 Na4 44. Nf8 Nxc3 45. a3 Nb5 46. Nxe6 Kd7 47. Nf8+ Ke8 48. Ng6 Nxd6 49. exd6 Kd7 50. Ne7 Kxd6 51. Nc8+ Kd5 52. Nxa7 Kc4 53. Ke3 Kb3 54. Kd2 c4 55. Nb5 Ka4 56. Na7 Kxa3 57. Kc3 Ka4 58. Kxc4 Ka5 59. Nb5 Ka4 60. Nd4 b5+ 61. Kc3 b4+ 62. Kb2 b3 63. Kc1 Ka3 64. Kb1 b2 65. Nc2+ Kb3 66. Nd4+ Ka3 67. Nc2+ 1-0

[Event "Barquisimeto op"]
[Site "Barquisimeto"]
[Date "2012.05.23"]
[Round "1"]
[White "Herrera, Andrea"]
[Black "Pinero Salas, Carlos Julio"]
[Result "0-1"]
[WhiteElo "1925"]
[BlackElo "2128"]
[PlyCount "70"]
[EventDate "2012.05.23"]
[EventType "swiss"]
[EventRounds "7"]
[EventCountry "VEN"]
[SourceTitle "CBM 148 Extra"]
[Source "ChessBase"]
[SourceDate "2012.06.22"]
[SourceVersion "1"]
[SourceVersionDate "2012.06.22"]
[SourceQuality "1"]

1. e4 c5 2. Nf3 e6 3. d4 cxd4 4. Nxd4 a6 5. Bc4 Qc7 6. Bb3 Nf6 7. Nc3 b5 8. 0-0 Bb7 9. Re1 b4 10. e5 bxc3 11. exf6 gxf6 12. Qh5 Nc6 13. Nxe6 dxe6 14. Rxe6+ Kd8 15. Qd1+ Qd7 16. Qxd7+ Kxd7 17. Rxf6 Be7 18. Rxf7 Rhg8 19. Rxh7 Nd4 20. Bxg8 Rxg8 21. g3 Nxc2 22. Rb1 Be4 23. Rh6 Ne1 24. Ra1 Nf3+ 25. Kf1 c2 26. Bf4 Bd3+ 27. Kg2 Nh4+ 28. Kg1 Ng6 29. Be3 Bf6 30. Bc1 Rb8 31. Bf4 Rxb2 32. Re1 Nxf4 33. Rxf6 Ne2+ 34. Kg2 Rb1 35. Rxb1 cxb1Q 0-1

[Event "Barquisimeto-ch"]
[Site "Barquisimeto"]
[Date "2011.10.24"]
[Round "4"]
[White "Pinero Salas, Carlos Julio"]
[Black "Prasca Sosa, Rafael Felipe"]
[Result "0-1"]
[WhiteElo "2091"]
[BlackElo "2429"]
[PlyCount "70"]
[EventDate "2011.10.21"]
[EventType "tourn"]
[EventRounds "11"]
[EventCountry "VEN"]
[SourceTitle "EXT 2022"]
[Source "ChessBase"]
[SourceDate "2021.10.06"]
[SourceVersion "1"]
[SourceVersionDate "2021.10.06"]
[SourceQuality "1"]

1. c4 e6 2. Nf3 d5 3. e3 Nf6 4. Nc3 c6 5. b3 Nbd7 6. Qc2 a6 7. Bb2 e5 8. cxd5 cxd5 9. d4 e4 10. Ne5 Bd6 11. f4 exf3 12. Nxf3 Qe7 13. 0-0-0 Nb6 14. Bd3 Be6 15. Kb1 Rc8 16. Qe2 Bb4 17. Rc1 0-0 18. Ne5 Rc7 19. g4 Rfc8 20. g5 Nfd7 21. Bxh7+ Kxh7 22. Qh5+ Kg8 23. g6 Nf6 24. gxf7+ Bxf7 25. Qg5 Bxc3 26. Rhg1 Be8 27. Bxc3 Ne4 28. Qxe7 Nxc3+ 29. Rxc3 Rxe7 30. Rxc8 Nxc8 31. Rc1 Nb6 32. a4 Nd7 33. Rc7 Kf8 34. Nxd7+ Rxd7 35. Rc1 Re7 0-1

[Event "Capablanca Memorial op-B 45th"]
[Site "Havana"]
[Date "2011.05.12"]
[Round "2"]
[White "Pinero Salas, Carlos Julio"]
[Black "Mercantete Rodriguez, Edilberto"]
[Result "1-0"]
[WhiteElo "2027"]
[BlackElo "2101"]
[PlyCount "77"]
[EventDate "2011.05.11"]
[EventType "swiss"]
[EventRounds "7"]
[EventCountry "CUB"]
[SourceTitle "CBM 142 Extra"]
[Source "ChessBase"]
[SourceDate "2011.06.27"]
[SourceVersion "1"]
[SourceVersionDate "2011.06.27"]
[SourceQuality "1"]

1. e4 g6 2. d4 Bg7 3. c4 d6 4. Nc3 c6 5. Be3 Nf6 6. f3 Nbd7 7. Qd2 0-0 8. 0-0-0 Re8 9. g4 Qa5 10. Kb1 Qc7 11. Nge2 e5 12. d5 c5 13. Ng3 Nf8 14. h4 a6 15. Be2 b6 16. Rdg1 Ra7 17. h5 Qb8 18. Nf5 Bxf5 19. gxf5 Ree7 20. Bh6 Qe8 21. Qg5 Bxh6 22. Qxh6 Kh8 23. hxg6 fxg6 24. fxg6 Rg7 25. gxh7 Rxg1+ 26. Rxg1 N8xh7 27. Nd1 Qh5 28. Qxh5 Nxh5 29. Ne3 Nf4 30. Bf1 Nf6 31. Nf5 Ne8 32. Rh1+ Rh7 33. Rxh7+ Kxh7 34. Ne7 Ng7 35. Nc8 Ngh5 36. Kc2 Ng3 37. Bd3 Nge2 38. Bxe2 Nxe2 39. Nxd6 1-0

[Event "Capablanca Memorial op-B 45th"]
[Site "Havana"]
[Date "2011.05.11"]
[Round "1"]
[White "Vazquez Matos, Adolfo Antonio"]
[Black "Pinero Salas, Carlos Julio"]
[Result "0-1"]
[WhiteElo "2092"]
[BlackElo "2027"]
[PlyCount "86"]
[EventDate "2011.05.11"]
[EventType "swiss"]
[EventRounds "7"]
[EventCountry "CUB"]
[SourceTitle "CBM 142 Extra"]
[Source "ChessBase"]
[SourceDate "2011.06.27"]
[SourceVersion "1"]
[SourceVersionDate "2011.06.27"]
[SourceQuality "1"]

1. d4 Nf6 2. c4 g6 3. Nc3 Bg7 4. g3 0-0 5. Bg2 d6 6. Nf3 Nc6 7. d5 Na5 8. Qd3 c5 9. 0-0 a6 10. h3 b5 11. Nd2 Rb8 12. Kh2 Nd7 13. f4 Nb6 14. cxb5 c4 15. Qc2 axb5 16. e4 b4 17. Ne2 Ba6 18. Nf3 c3 19. bxc3 bxc3 20. Re1 Qc7 21. Ned4 Rfc8 22. h4 Qc5 23. Nb3 Qb4 24. Nxa5 Qxa5 25. Bh3 Rc7 26. Rb1 Ra8 27. Rb3 Bc4 28. Ra3 Qxa3 29. Bxa3 Rxa3 30. Kh1 Rxa2 31. Qc1 c2 32. e5 Bxd5 33. Bg2 dxe5 34. Nxe5 Bxg2+ 35. Kxg2 Bxe5 36. fxe5 Nd5 37. e6 f6 38. Kh3 Kg7 39. h5 g5 40. Re5 Nf4+ 41. gxf4 fxe5 42. fxe5 Rc3+ 43. Kg4 Ra4+ 0-1

[Event "Caribbean-ch U20"]
[Site "Merida"]
[Date "2010.05.04"]
[Round "4"]
[White "Bassan, Remo"]
[Black "Pinero Salas, Carlos Julio"]
[Result "1-0"]
[WhiteElo "2164"]
[BlackElo "1908"]
[PlyCount "43"]
[EventDate "2010.05.02"]
[EventType "swiss"]
[EventRounds "9"]
[EventCountry "VEN"]
[SourceTitle "EXT 2013"]
[Source "ChessBase"]
[SourceDate "2012.11.22"]
[SourceVersion "1"]
[SourceVersionDate "2012.11.22"]
[SourceQuality "1"]

1. e4 d6 2. Nc3 Nf6 3. d4 Nbd7 4. f4 e5 5. Nf3 Qe7 6. Bc4 h6 7. a4 c6 8. 0-0 g6 9. Kh1 Bg7 10. fxe5 dxe5 11. Nxe5 Nxe5 12. dxe5 Qxe5 13. Bf4 Qc5 14. Qd3 Bg4 15. Bd6 Qh5 16. e5 0-0-0 17. exf6 Bf8 18. Ne4 Bf5 19. Bxf7 Bxd6 20. Nxd6+ Kc7 21. Qxf5 Rxd6 22. Qxh5 1-0

[Event "Caribbean-ch U20"]
[Site "Merida"]
[Date "2010.05.02"]
[Round "1"]
[White "Pinero Salas, Carlos Julio"]
[Black "Saltos Velez, Adrian Arturo"]
[Result "0-1"]
[WhiteElo "1908"]
[BlackElo "2154"]
[PlyCount "78"]
[EventDate "2010.05.02"]
[EventType "swiss"]
[EventRounds "9"]
[EventCountry "VEN"]
[SourceTitle "EXT 2013"]
[Source "ChessBase"]
[SourceDate "2012.11.22"]
[SourceVersion "1"]
[SourceVersionDate "2012.11.22"]
[SourceQuality "1"]

1. e4 c5 2. Nf3 Nc6 3. Bb5 g6 4. c3 Bg7 5. 0-0 Nf6 6. Qa4 0-0 7. d4 cxd4 8. cxd4 d5 9. e5 Nd7 10. Bxc6 Nb6 11. Qa5 bxc6 12. b3 Bg4 13. Nbd2 f6 14. Ba3 fxe5 15. Nxe5 Bxe5 16. dxe5 Qd7 17. f3 Bf5 18. Qc5 Rf7 19. Rac1 Rc8 20. Qd4 Be6 21. f4 Na8 22. Bb2 Nc7 23. a4 Ne8 24. Nf3 Ng7 25. Ng5 Rff8 26. Ba3 h6 27. Nf3 Bg4 28. Nh4 Bf5 29. e6 Nxe6 30. Qe5 Rf6 31. Nxg6 Bxg6 32. f5 Bh7 33. fxe6 Qxe6 34. Qxe6+ Rxe6 35. Rfe1 Be4 36. g3 h5 37. Bc5 a6 38. b4 h4 39. Re3 h3 0-1